000 00247nam a22000977a 4500
020 _a978-0137909100
040 _cIESE
082 _a005.72
_bDET
245 _a the Hidden Language of Computer Hardware and Software CODE
942 _2ddc
_cBK
_e2nd Ed
999 _c615936
_d615936